Scrapbook : Chefoo School photographs and souvenirs.

Bibliographic Details
Corporate Author: Adam Matthew Digital (Firm) (digitiser.)
Format: eBook
Language:English
Published: [Place of publication not identified : publisher not identified, 1865-1951]
Series:AM Scholar: Area Studies China and Southeast Asia.
Subjects:
Online Access:Connect to the full text of this electronic book

MARC

Tag First Indicator Second Indicator Subfields
LEADER 00000nam a2200000Mi 4500
001 in00005484607
006 m o d
007 cr |n|---uuuuu
008 231030m18651951xx o 000 0 eng d
005 20240917171226.9
035 |a (OCoLC)on1406772696 
040 |a UKAMD  |b eng  |e rda  |c UKAMD  |d OCLCO 
035 |a (OCoLC)1406772696 
049 |a TXAM 
245 0 0 |a Scrapbook :  |b Chefoo School photographs and souvenirs. 
264 1 |a [Place of publication not identified :  |b publisher not identified,  |c 1865-1951] 
300 |a 1 online resource. 
336 |a text  |b txt  |2 rdacontent 
337 |a computer  |b c  |2 rdamedia 
338 |a online resource  |b cr  |2 rdacarrier 
490 1 |a AM Scholar: Area Studies China and Southeast Asia. 
534 |p Reproduction of:  |t Scrapbook: Chefoo School photographs and souvenirs  |c [1865-1951]. 
535 1 |a School of Oriental and African Studies 
542 |f School of Oriental and African Studies 
588 0 |a Description based on publisher metadata (viewed October 30, 2023). 
610 2 7 |a Chefoo School  |2 fast 
655 7 |a Electronic books.  |2 local 
655 7 |a Photographs  |2 fast 
710 2 |a Adam Matthew Digital (Firm),  |e digitiser. 
710 2 |a University of London.  |b School of Oriental and African Studies,  |e owner. 
830 0 |a AM Scholar: Area Studies China and Southeast Asia. 
856 4 0 |u http://proxy.library.tamu.edu/login?url=https://www.amscholar.amdigital.co.uk/Documents/Details/CIM_Part4_Reel66_Vol6  |z Connect to the full text of this electronic book  |t 0 
955 |a Adam Matthew Scholar: Area Studies China and Southeast Asia 
994 |a 92  |b TXA 
999 f f |s a8521481-082e-431e-9b19-1701687f86e4  |i fa7124ba-2779-4c0b-89e5-0fa3332d0894  |t 0 
952 f f |a Texas A&M University  |b College Station  |c Electronic Resources  |d Available Online  |t 0  |h Library of Congress classification 
998 f f |t 0  |l Available Online